| 000 -LEADER |
| fixed length control field |
00731cam a22002051 4500 |
| 020 ## - INTERNATIONAL STANDARD BOOK NUMBER |
| ISBN |
0804803323 |
| 020 ## - INTERNATIONAL STANDARD BOOK NUMBER |
| ISBN |
9780804803328 |
| 040 ## - CATALOGING SOURCE |
| Transcribing agency |
DLC |
| 082 00 - DEWEY DECIMAL CLASSIFICATION NUMBER |
| Classification number |
792 AUB 1956 C096 Or. |
| 100 1# - MAIN ENTRY--AUTHOR NAME |
| Personal name |
Halford, Aubrey S. |
| 245 14 - TITLE STATEMENT |
| Title |
The kabuki handbook; |
| Remainder of title |
a guide to understanding and appreciation, with summaries of favourite plays, explanatory notes, and illustrations, |
| 260 ## - PUBLICATION, DISTRIBUTION, ETC. (IMPRINT) |
| Place of publication |
Tokyo, |
| -- |
Rutland, Vt., |
| Name of publisher |
C.E. Tuttle Co. |
| Year of publication |
[1956] |
| 300 ## - PHYSICAL DESCRIPTION |
| Number of Pages |
xxi, 487 pages |
| Other physical details |
illustrations |
| Dimensions |
19 cm |
| 490 0# - SERIES STATEMENT |
| Series statement |
Tut books. R |
| 520 ## - SUMMARY, ETC. |
| Summary, etc |
Special Collections copy is part of the Carolyn Staley Japanese Woodblock Print Collection, ca. 1902-2013. |
| 650 #0 - SUBJECT ADDED ENTRY--TOPICAL TERM |
| Topical Term |
Kabuki |
| 650 #0 - SUBJECT ADDED ENTRY--TOPICAL TERM |
| Topical Term |
Drama |
| 700 1# - ADDED ENTRY--PERSONAL NAME |
| Personal name |
Halford, Giovanna M. |
| 942 ## - ADDED ENTRY ELEMENTS (KOHA) |
| Koha item type |
ADB |
| 952 ## - LOCATION AND ITEM INFORMATION (KOHA) |
| Withdrawn status [LOCAL, KOHA] |
0 |